| 000 | 01298nam0a22003371 4500 | ||
|---|---|---|---|
| 001 | rc\2180100 | ||
| 005 | 20110829162823.9 | ||
| 035 | _a(NLR Aleph) 006690660 | ||
| 090 |
_a5147136 _c5147136 |
||
| 100 | _a20110829d1979 |||y0rusy50 ca | ||
| 101 | 0 | _arus | |
| 102 | _aRU | ||
| 105 | _ay z ||||| | ||
| 200 | 1 |
_aИскусство и творческая деятельность _f[Д.Ю. Кучерюк, Л.Т. Левчук, В.И. Мазепа и др. _gОтв. ред. В.И. Мазепа] |
|
| 210 |
_aКиев _cНаукова думка _d1979 |
||
| 215 |
_a314 с. _d21 |
||
| 300 | _aВ надзаг.: АН УССР, Ин-т философии | ||
| 300 | _aАвт. указаны на обороте тит. л. | ||
| 606 |
_aХудожественное творчество _2psbo |
||
| 606 |
_aИскусство _2psbo |
||
| 701 | 1 |
_aЛевчук _bЛ. Т. |
|
| 701 | 1 |
_aКучерюк _bД. Ю. _gДмитрий Юрьевич |
|
| 702 | 1 |
_aМазепа _bВ. И. _gВладимир Иванович _4570 |
|
| 712 | 0 | 2 |
_aИнститут философии _cКиев _3RU\NLR\AUTH\889954959 |
| 801 | 0 |
_aRU _bNLR _gpsbo |
|
| 801 | 1 |
_aRU _bELAR _2rusmarc |
|
| 852 |
_aNLR _j80-3/4640 |
||
| 899 |
_aRuMoRGB _jБ 80-14/35 |
||
| 899 |
_aRuMoRGB _jБ 80-14/36 |
||
| 942 | _cBOOK | ||
| 980 | _aNB | ||